000 00896nmc a2200325 a 4500
003 AR-BaBNM
005 20251128204442.0
008 011101s1991 ||||||||||||||000 | spa||
020 _a84-7509-685-9
040 _cAR-BaBNM
100 1 _aBesnard, Pierre
245 1 0 _aLa animación sociocultural
250 _a1ª ed.
260 _aBarcelona
_bPaidós
_c1991
300 0 _a150 p.
_bdiagr.
490 0 _aPaidós educador
_vv. 101
504 _aBibliografía: p. 149-150
650 4 _aANIMACION CULTURAL
650 4 _aACTIVIDADES CULTURALES
650 4 _aPROGRAMAS RECREATIVOS
650 4 _aNECESIDADES CULTURALES
650 4 _aNECESIDADES SOCIALES
650 4 _aINTERES [APRENDIZAJE]
650 4 _aFORMACION PROFESIONAL
650 4 _aANIMADORES DE LA COMUNIDAD
650 4 _aACTIVIDADES RECREATIVAS
700 1 _aUcha, Selva E.
_etraductor
942 _cBK
998 _csilvi
999 _c7477
_d7477